Bhutanese legal environment - 305. (Record no. 2246)
[ view plain ]
| 000 -LEADER | |
|---|---|
| fixed length control field | 00536nam a2200217 4500 |
| 001 - CONTROL NUMBER | |
| control field | 2804 |
| 005 - DATE AND TIME OF LATEST TRANSACTION | |
| control field | 20181127165830.0 |
| 010 00 - LIBRARY OF CONGRESS CONTROL NUMBER | |
| LC control number | |
| 020 00 - INTERNATIONAL STANDARD BOOK NUMBER | |
| International Standard Book Number | |
| 090 00 - LOCALLY ASSIGNED LC-TYPE CALL NUMBER (OCLC); LOCAL CALL NUMBER (RLIN) | |
| Classification number (OCLC) (R) ; Classification number, CALL (RLIN) (NR) | 346.07095498 B5759b 2009 |
| 100 00 - MAIN ENTRY--PERSONAL NAME | |
| Personal name | |
| 245 00 - TITLE STATEMENT | |
| Title | Bhutanese legal environment - 305. |
| Remainder of title | |
| Statement of responsibility, etc. | |
| Medium | |
| 250 00 - EDITION STATEMENT | |
| Edition statement | 2009 ed. |
| 260 00 - PUBLICATION, DISTRIBUTION, ETC. | |
| Place of publication, distribution, etc. | N.p. : |
| Name of publisher, distributor, etc. | n.p., |
| Date of publication, distribution, etc. | 2009. |
| 300 00 - PHYSICAL DESCRIPTION | |
| Extent | 169 p. |
| 500 00 - GENERAL NOTE | |
| General note | "For BBA program use only, 2009" |
| 590 ## - LOCAL NOTE (RLIN) | |
| Local note | Spiral-bound xerographic copy |
| 650 00 - SUBJECT ADDED ENTRY--TOPICAL TERM | |
| Topical term or geographic name entry element | |
| General subdivision | |
| Topical term or geographic name entry element | Commercial law -- Bhutan. |
| General subdivision | |
| Topical term or geographic name entry element | Corporation law --Bhutan. |
| General subdivision | |
| Withdrawn status | Lost status | Source of classification or shelving scheme | Damaged status | Not for loan | Collection code | Home library | Current library | Shelving location | Date acquired | Serial Enumeration / chronology | Inventory number | Total Checkouts | Full call number | Barcode | Date last seen | Date last checked out | Price effective from | Koha item type |
|---|---|---|---|---|---|---|---|---|---|---|---|---|---|---|---|---|---|---|
| Dewey Decimal Classification | Binding Materials. | RTC Library | RTC Library | Binding | 24/12/2021 | 5063 | 2 | 346.07 BHU | 30002724 | 02/05/2022 | 25/02/2022 | 27/11/2018 | Binder |